000 00331 a2200109 4500
001 ART_17843
005 20260410161701.0
008 260409a
245 1 0 _aEstimación del valor actual de los valores nacionales
100 1 _aDueñas, Daniel E.
773 0 _tEnsayos Económicos
_g- Nº 15 (sep. 1980)
_wREV620
999 _c15146
_d15146